Y se va la primera...conversaciones sobre la cueca: Las cuecas de la Lira Popular. Transcripción completa
Guardat en:
| Autors principals: | , |
|---|---|
| Format: | Llibre |
| Idioma: | espanyol |
| Publicat: |
Santiago
Dibam
2010
Santiago LOM 2010 |
| Matèries: | |
| Etiquetes: |
Afegir etiqueta
Sense etiquetes, Sigues el primer a etiquetar aquest registre!
|
MARC
| LEADER | 00000cam a2200000 a 4500 | ||
|---|---|---|---|
| 001 | UCG5499 | ||
| 003 | CL-VaPUC | ||
| 008 | 110310e20100000CL |||||||||||||||||spa|d | ||
| 020 | |a 9789560001962 | ||
| 082 | 0 | 4 | |a 793.31 |b NAV |2 21 |
| 100 | |a Navarrete Araya, Micaela |e autora |9 568345 | ||
| 700 | 0 | |a Donoso F., Karen |e author |9 555209 | |
| 245 | 1 | 0 | |a Y se va la primera...conversaciones sobre la cueca: Las cuecas de la Lira Popular. Transcripción completa |
| 300 | |a 318 p | ||
| 942 | |c BK | ||
| 945 | |d 20110310 00:00:00 |a dcastane | ||
| 260 | |a Santiago |b Dibam |c 2010 | ||
| 260 | |a Santiago |b LOM |c 2010 | ||
| 650 | 0 | |a Música folklórica |9 306412 | |
| 650 | 7 | |a DANZA FOLKLORICA |2 CL-VaPUC |9 339082 | |
| 650 | 0 | |a Música chilena |9 306643 | |
| 650 | 0 | |a Cuecas |9 417014 | |
| 583 | |a last modification |c 20120620 11:40:59 |k Rodrigo Vera | ||
| 999 | |c 343976 |d 343974 | ||
| 952 | |0 0 |1 0 |4 0 |6 793_310000000000000_NAV_2010_2010 |7 0 |8 X |9 441700 |a FDOMLP |b FDOMLP |d 2019-11-22 |i 4752899 |o 793.31 NAV 2010 2010 |p 4752899 |r 2019-11-22 |w 2019-11-22 |y BK_X |k BU2 | ||
| 952 | |0 0 |1 0 |4 0 |6 793_310000000000000_NAV_2010_2010 |7 0 |8 X |9 441701 |a FDOMLP |b FDOMLP |d 2019-11-22 |i 4810880 |o 793.31 NAV 2010 2010 |p 4810880 |r 2019-11-22 |w 2019-11-22 |y BK_X |k BU2 | ||